Culture, People, Nature : An Introduction to General Anthropology /

Gorde:
Xehetasun bibliografikoak
Egile nagusia: Harris, Marvin (autor)
Formatua: Liburua
Hizkuntza:ingelesa
Argitaratua: Nueva York, EUA : Longman, 1997, c1997
Edizioa:7a edición
Gaiak:
Etiketak: Etiketa erantsi
Etiketarik gabe, Izan zaitez lehena erregistro honi etiketa jartzen!

MARC

LEADER 00000nam^a2200000^a^4500
001 000181836
005 20250521000000.0
009 20260310101946.771
020 |a 0-673-99093-1 
037 |a Acervo ITESO - Biblioteca 
041 |a ING 
082 |a 300. 1  |b HAR 
100 |a Harris, Marvin  |e (autor) 
240 1 1 |a [Introducción a la antropología general] 
245 1 0 |a Culture, People, Nature :  |b An Introduction to General Anthropology /  |c M. Harris. 
250 |a 7a edición 
264 4 |a Nueva York, EUA :  |b Longman,  |c 1997, c1997 
300 |a XVI, 491 p. 
336 |a texto  |b txt  |2 rdacontenido 
337 |a sin mediación  |b n  |2 rdamedio 
338 |a volumen  |b nc  |2 rdasoporte 
649 |a XX 
650 |a Grupos Etnicos 
650 |a Organización Social 
650 |a Género 
650 |a Lenguaje 
650 |a Arte y Sociedad 
650 |a Religión 
650 |a Cultura -  |x Teoría 
650 |a Arqueología 
650 |a Antropología Cultural 
650 |a Antropología Física 
650 |a Antropología -  |x Teoría -  |x Tema Principal 
910 |a Fondo General 
920 |a Impresos - Libros 
930 |a Colección General 
905 |a 101 
901 |a 0500121476  |b IT1  |c ACC  |u 20250521 
902 |a https://opac.biblio.iteso.mx/vufind/Record/000181836